000 00891nam a2200241Ia 4500
001 15892
003 GE_BSU
008 181216s||||||||xx |||||||||||||| ||und||
040 _cGE_BSU
080 _a21.353.1 + 821.353.1-6
100 _aჭავჭავაძე, ი. (ილია, 1837-1907)
245 _aთხზულებათა სრული კრებული : 10 ტომად. ტ.10
245 _bმიმოწერა.
245 _cპ. ინგოროყვას რედ. [და შესავ. წერილით]
260 _aთბილისი
260 _bსახელგამი
260 _c1961
300 _a635 გვ. 20 სმ.
300 _eშენიშვნ.გვ.471-633
653 _aთხზულებათა სრული კრებული
653 _aმიმოწერა.
942 _cBK
999 _c48987
_d48987